U.S. State Capitals in Counties of the Same Name - Statistics

General Stats
  • This quiz has been taken 12 times
  • The average score is 10 of 12
Answer Stats
Capitals/Counties % Correct
Montgomery
100%
Denver
90%
Honolulu
90%
Juneau
90%
Oklahoma City
90%
Richmond
90%
Sacramento
90%
Salt Lake City
90%
Carson City
80%
Providence
80%
Santa Fe
80%
Albany
60%
No matching quizzes found
Score Distribution
Percent of People with Each Score
Percentile by Number Answered
Your Score History
You have not taken this quiz